Statistics for The Best WR On Each NFL Team ('19-'20)

Click here to take the quiz!

General Stats

  • This quiz has been taken 135 times
    (121 since last reset)
  • The average score is 23 of 32

Answer Stats

TEAMPLAYER% Correct
Atlanta FalconsJulio Jones
95%
Houston TexansDeAndre Hopkins
94%
Dallas CowboysAmari Cooper
91%
Baltimore RavensMarquise "Hollywood" Brown
89%
Cleveland BrownsOdell Beckham Jr.
89%
Kansas City ChiefsTyreek Hill
89%
Los Angeles ChargersKeenan Allen
87%
Buffalo BillsJohn Brown
86%
Minnesota VikingsAdam Thielen
85%
Cincinnati BengalsAJ Green
85%
Green Bay PackersDavante Adams
85%
New Orleans SaintsMichael Thomas
85%
New England PatriotsJulian Edelman
80%
Tampa Bay BuccaneersMike Evans
80%
Pittsburgh SteelersJuJu Smith-Schuster
78%
Indianapolis ColtsTY Hilton
78%
Los Angeles RamsCooper Kupp
77%
Arizona CardinalsLarry Fitzgerald
77%
Seattle SeahawksTyler Lockett
75%
Chicago BearsAllen Robinson
72%
Detroit LionsKenny Golladay
70%
Carolina PanthersDJ Moore
66%
Denver BroncosCourtland Sutton
62%
Miami DolphinsDeVante Parker
59%
Philadelphia EaglesAlshon Jeffery
53%
New York GiantsSterling Shepard
52%
San Francisco 49ersEmmanuel Sanders
51%
Washington RedskinsTerry McLaurin
47%
New York JetsRobby Anderson
43%
Tennessee TitansCorey Davis
39%
Oakland RaidersTyrell Williams
33%
Jacksonville JaguarsDede Westbrook
27%

Score Distribution

Percentile by Number Answered

Percent of People with Each Score

Your Score History

You have not taken this quiz since the last reset